000 00567nam a2200229Ia 4500
003 OSt
005 20220918180129.0
006 a|||||r|||| 00| 0
007 ta
008 220917b |||||||| |||| 00| 0 eng d
024 _a20,747
037 _cTextual
040 _aARTS
_cARTS
_beng
041 _2eng
_aeng
082 _aO:3M11w, G2
100 _aElwin Malcolm
_953697
245 0 _aThackeray
_b a personality
260 _c1932
650 _aENGLISH LITERATURE
942 _hO:3M11w, G2
_cTEXL
_2CC
999 _c160395
_d160395